| Tag |
First Indicator |
Second Indicator |
Subfields |
| LEADER |
00000cam a2200000 a 4500 |
| 001 |
in00000081246 |
| 005 |
20151008061009.0 |
| 007 |
he bm----b--- |
| 008 |
780302r19771789kyu b 00010 enge |
| 035 |
|
|
|a (OCoLC)03683210
|
| 035 |
|
|
|9 AAJ7064AM
|
| 040 |
|
|
|a DLC
|c RRR
|d RRR
|d m.c.
|d TXA
|d UtOrBLW
|
| 043 |
|
|
|a n-us---
|
| 049 |
|
|
|a TXAI
|
| 082 |
0 |
|
|a 811
|
| 090 |
|
|
|a PS778.H5
|b P8 1789
|
| 099 |
|
|
|a fiche
|a C
|a 4459
|
| 100 |
1 |
|
|a Humphreys, David,
|d 1752-1818.
|
| 245 |
1 |
0 |
|a Poems /
|c by David Humphreys.
|
| 250 |
|
|
|a 2nd ed., with several additions.
|
| 264 |
|
3 |
|a Philadelphia :
|b Printed by Mathew Carey,
|c 1789.
|
| 300 |
|
|
|a 1, 90 pages ;
|c 17 cm.
|
| 336 |
|
|
|a text
|b txt
|2 rdacontent
|
| 337 |
|
|
|a microform
|b h
|2 rdamedia
|
| 338 |
|
|
|a microfiche
|b he
|2 rdacarrier
|
| 500 |
|
|
|a "Sabin : 33814."
|
| 500 |
|
|
|a "Copied from the original in the Library of Congress."
|
| 533 |
|
|
|a Microfiche.
|b Louisville, [Ky.] :
|c Lost Cause Press,
|d 1977.
|e 2 microfiches : negative ; 11 x 15 cm.
|f ([Bibliotheca Americana. Selected Americana. Microfiche ed. / J. Sabin]) (Fiche book)
|
| 500 |
|
|
|a Microform.
|
| 651 |
|
0 |
|a United States
|x History
|v Poetry.
|
| 999 |
|
|
|a MARS
|
| 999 |
f |
f |
|s bba257a3-7d9c-3c00-91cd-8b205c7b8fa6
|i 5964fb1a-d95d-3bd5-834d-7100e59cf0fe
|t 0
|
| 952 |
f |
f |
|p normal
|a Texas A&M University
|b College Station
|c Sterling C. Evans Library
|d Evans: Microforms (3rd floor)
|t 0
|e fiche C 4459
|h Other scheme
|i microform -- microfiche
|m A14821692990
|
| 998 |
f |
f |
|a fiche C 4459
|t 0
|l Evans: Microforms (3rd floor)
|